00317cam a22000977a 4500008003800000082001100038245007500049260004100124500002100165700003300186180718b-- xxu||||| |||| 00| 0 eng d aG1 In2 aPensionery benefits to members of Parliamentcby Lok Sabha Secretariat aNew DelhibLok Sabha Secretariatc-- aLibrary has 1985 aIndia. Lok Sabha Secretariat